| 000 | 00588nam a2200229Ia 4500 | ||
|---|---|---|---|
| 005 | 20240205092008.0 | ||
| 008 | 131103s9999 xx 000 0 und d | ||
| 040 | _aLoreto College | ||
| 041 | _aEnglish | ||
| 082 |
_a370.15 _bGAT |
||
| 100 | _aGates,Arthur I. | ||
| 245 |
_aEducational Psychology, _cArthur I.Gates |
||
| 250 | _a3rd ed. | ||
| 260 |
_aNew York _bThe Macmillan Company _c1948 |
||
| 300 | _axx,818p. | ||
| 504 | _aIncludes index | ||
| 650 | _aEducation | ||
| 651 | _aEducational Psychology | ||
| 700 | _aJersild,A.T.,auth. | ||
| 850 | _aLCLIB | ||
| 942 | _cBK | ||
| 999 |
_c3467 _d53946 |
||